Pokemon se terminant par O - Statistiques

Statistiques générales
  • Ce quiz a été pris 446 fois
    426 depuis la dernière actualisation
  • Le résultat moyen est 13 sur 40
Statistiques - réponses
Hint Réponse % Correct
023 Abo
65%
148 Draco
53%
147 Minidraco
51%
033 Nidorino
48%
109 Smogo
48%
110 Smogogo
47%
140 Kabuto
44%
253 Massko
44%
252 Arcko
43%
254 Jungko
42%
042 Nosferalto
39%
173 Mélo
35%
085 Dodrio
34%
084 Doduo
34%
448 Lucario
34%
103 Noadkoko
34%
283 Arakdo
33%
206 Insolourdo
32%
259 Flobio
31%
272 Ludicolo
30%
351 Morphéo
30%
647 Keldeo
29%
170 Loupio
29%
194 Axoloto
28%
343 Balbuto
28%
404 Luxio
27%
7++ Solgaleo
27%
348 Armaldo
26%
72+ Tocoriko
24%
400 Castorno
23%
358 Eoko
22%
319 Sharpedo
22%
225 Cadoizo
20%
555 Darumacho
20%
441 Pijako
19%
629 Vostourno
18%
594 Mamanbo
17%
561 Cryptéro
15%
552 Escroco
14%
214 Scarhino
12%
Aucun quiz correspondant
Distribution des résultats
% des personnes avec chaque résultat
Percentile par nombre de réponses
Votre historique - résultats
Vous n’avez pas pris ce quiz depuis la dernière actualisation